[Event "Warsaw Maciei Memorial Blitz"]
[Site "Warsaw"]
[Date "2024.07.08"]
[Round "1"]
[White "Fraczek, Lukasz"]
[Black "Malek, Jan"]
[Result "0-1"]
[WhiteElo "1743"]
[BlackElo "2479"]
[PlyCount "84"]
[EventDate "2024.07.08"]
[EventType "swiss (blitz)"]
[EventRounds "11"]
[EventCountry "POL"]
[SourceTitle "CBM 221 Extra"]
[Source "ChessBase"]
[SourceDate "2024.09.30"]
[SourceVersion "1"]
[SourceVersionDate "2024.09.30"]
[SourceQuality "1"]

1. e4 e6 2. b3 d5 3. Bb2 Nc6 4. exd5 exd5 5. Nf3 Nf6 6. Be2 Bd6 7. 0-0 0-0 8. d3 Re8 9. Re1 a5 10. Nbd2 a4 11. Nd4 a3 12. Nxc6 bxc6 13. Bd4 c5 14. Bxf6 Qxf6 15. c4 c6 16. Nf3 Bf5 17. d4 Be4 18. cxd5 cxd5 19. dxc5 Bxc5 20. Bd3 Qb6 21. Re2 Rac8 22. Ng5 Qg6 23. Nxe4 dxe4 24. Bc4 h5 25. Qc1 h4 26. h3 Bd6 27. Qc3 Be5 28. Qc1 Bxa1 29. Qxa1 Rcd8 30. Qc1 Qd6 31. Re1 Qd2 32. Qb1 e3 33. fxe3 Rxe3 34. Rxe3 Qxe3+ 35. Kh1 Qf4 36. Kg1 Qd4+ 37. Kh1 Qd1+ 38. Qxd1 Rxd1+ 39. Kh2 Rd2 40. b4 Rb2 41. Bb3 Rxb3 42. axb3 a2 0-1

[Event "Warsaw Maciei Memorial Blitz"]
[Site "Warsaw"]
[Date "2024.07.08"]
[Round "4"]
[White "Staroszczyk, Mateusz"]
[Black "Fraczek, Lukasz"]
[Result "1-0"]
[WhiteElo "1947"]
[BlackElo "1743"]
[PlyCount "41"]
[EventDate "2024.07.08"]
[EventType "swiss (blitz)"]
[EventRounds "11"]
[EventCountry "POL"]
[SourceTitle "CBM 221 Extra"]
[Source "ChessBase"]
[SourceDate "2024.09.30"]
[SourceVersion "1"]
[SourceVersionDate "2024.09.30"]
[SourceQuality "1"]

1. d4 Nf6 2. Bf4 d6 3. Nc3 g6 4. e4 Bg7 5. Qd2 0-0 6. Bh6 Nc6 7. Bxg7 Kxg7 8. Nf3 e5 9. d5 Ne7 10. 0-0-0 Ne8 11. h4 f5 12. h5 f4 13. Be2 Nf6 14. hxg6 hxg6 15. g3 fxg3 16. Qh6+ Kf7 17. Ng5+ Ke8 18. fxg3 Ng4 19. Bxg4 Bxg4 20. Rdf1 c6 21. Rxf8+ 1-0

[Event "Warsaw-chB 67th"]
[Site "Warsaw"]
[Date "2018.11.13"]
[Round "2"]
[White "Nawalaniec, Adam"]
[Black "Fraczek, Lukasz"]
[Result "1-0"]
[WhiteElo "1303"]
[BlackElo "1584"]
[PlyCount "43"]
[EventDate "2018.11.12"]
[EventType "swiss"]
[EventRounds "9"]
[EventCountry "POL"]
[SourceTitle "EXT 2020"]
[Source "ChessBase"]
[SourceDate "2019.10.17"]
[SourceVersion "1"]
[SourceVersionDate "2019.10.17"]
[SourceQuality "1"]

1. e4 c5 2. Nf3 Nc6 3. d4 cxd4 4. Nxd4 Nf6 5. Nc3 e6 6. Be2 Bb4 7. f3 d5 8. Nxc6 bxc6 9. e5 d4 10. a3 dxc3 11. Qxd8+ Kxd8 12. axb4 Nd5 13. bxc3 Nxc3 14. Be3 Nxe2 15. Kxe2 a6 16. Rhd1+ Kc7 17. Ra5 Rd8 18. Bb6+ Kxb6 19. Rxd8 Bb7 20. Rd7 Rf8 21. c4 Bc8 22. c5# 1-0

[Event "Warsaw-chB 67th"]
[Site "Warsaw"]
[Date "2018.11.12"]
[Round "1"]
[White "Fraczek, Lukasz"]
[Black "Krakowski, Romuald"]
[Result "1-0"]
[WhiteElo "1584"]
[BlackElo "1277"]
[PlyCount "79"]
[EventDate "2018.11.12"]
[EventType "swiss"]
[EventRounds "9"]
[EventCountry "POL"]
[SourceTitle "EXT 2020"]
[Source "ChessBase"]
[SourceDate "2019.10.17"]
[SourceVersion "1"]
[SourceVersionDate "2019.10.17"]
[SourceQuality "1"]

1. e4 e6 2. Nc3 d5 3. exd5 exd5 4. Nf3 Nf6 5. Be2 Be7 6. 0-0 0-0 7. h3 c6 8. d4 Re8 9. Bd3 Bd6 10. Ne2 Qc7 11. c3 b6 12. Bg5 Ne4 13. Qc2 Ba6 14. Rfe1 Bxd3 15. Qxd3 Nd7 16. Bh4 h6 17. Nd2 Re6 18. Bg3 Rae8 19. Bxd6 Qxd6 20. Nxe4 Rxe4 21. Qd2 Qe7 22. Kf1 Nf6 23. Ng3 Rxe1+ 24. Rxe1 Qxe1+ 25. Qxe1 Rxe1+ 26. Kxe1 g6 27. Kd2 Ne4+ 28. Nxe4 dxe4 29. c4 f5 30. Ke3 Kf7 31. b4 Ke6 32. h4 g5 33. hxg5 hxg5 34. g4 a6 35. a4 b5 36. axb5 axb5 37. c5 fxg4 38. Kxe4 Kf6 39. d5 cxd5+ 40. Kxd5 1-0

[Event "Milanowek-ch"]
[Site "Milanowek"]
[Date "2012.07.05"]
[Round "6"]
[White "Fraczek, Lukasz"]
[Black "Brudzinski, Maciej"]
[Result "0-1"]
[WhiteElo "1557"]
[BlackElo "1899"]
[PlyCount "116"]
[EventDate "2012.06.30"]
[EventType "swiss"]
[EventRounds "9"]
[EventCountry "POL"]
[SourceTitle "EXT 2014"]
[Source "ChessBase"]
[SourceDate "2013.11.20"]
[SourceVersion "1"]
[SourceVersionDate "2013.11.20"]
[SourceQuality "1"]

1. e4 e5 2. Nf3 Nc6 3. Bc4 Be7 4. d4 exd4 5. Nxd4 Ne5 6. Bb3 c5 7. Nf5 c4 8. Nd6+ Bxd6 9. Qxd6 Qf6 10. Qxf6 Nxf6 11. f4 cxb3 12. fxe5 bxc2 13. exf6 cxb1Q 14. Rxb1 gxf6 15. 0-0 Ke7 16. b3 Rg8 17. Bb2 Rg6 18. Rf4 d6 19. Rbf1 Bh3 20. R1f2 Rag8 21. Bxf6+ Ke6 22. g3 Rg4 23. Bb2 Rxf4 24. Rxf4 Rc8 25. Rf6+ Ke7 26. Rf2 h5 27. Rd2 Ke6 28. Kf2 Rc5 29. Ke3 Ra5 30. a3 Rb5 31. b4 a5 32. Bc3 a4 33. Rf2 f5 34. Rf4 Bg4 35. Bd4 fxe4 36. Rf6+ Kd5 37. Rf4 Bf3 38. Rf6 Kc4 39. Rxd6 Kb3 40. Bc5 Kxa3 41. h3 Kb3 42. g4 hxg4 43. hxg4 a3 44. Rd8 a2 45. Ra8 b6 46. Be7 Ra5 47. Rxa5 bxa5 48. Bf6 axb4 49. Kd2 Bxg4 50. Ba1 Ka3 51. Kc2 e3 52. Bb2+ Ka4 53. Kd3 e2 54. Kd2 Kb3 55. Ba1 Ka3 56. Bd4 b3 57. Bc5+ Kb2 58. Bd4+ Kb1 0-1

[Event "Warsaw Four Seasons op 2nd"]
[Site "Warsaw"]
[Date "2011.??.??"]
[Round "5"]
[White "Lata, Slawomir"]
[Black "Fraczek, Lukasz"]
[Result "1-0"]
[WhiteElo "1460"]
[BlackElo "1585"]
[PlyCount "81"]
[EventDate "2011.11.26"]
[EventType "swiss"]
[EventRounds "9"]
[EventCountry "POL"]
[SourceTitle "EXT 2014"]
[Source "ChessBase"]
[SourceDate "2013.11.20"]
[SourceVersion "1"]
[SourceVersionDate "2013.11.20"]
[SourceQuality "1"]

1. e4 c5 2. Nf3 Nc6 3. d4 cxd4 4. Nxd4 Nf6 5. Nc3 e6 6. a3 d5 7. Bg5 Be7 8. Bb5 Qb6 9. e5 Nd7 10. Bxc6 bxc6 11. Bxe7 Kxe7 12. 0-0 Nxe5 13. Na4 Qa6 14. Nc5 Qb6 15. b4 Nd7 16. Na4 Qc7 17. Qg4 g6 18. Rfe1 e5 19. Qh4+ f6 20. Nc5 Nxc5 21. bxc5 Kf7 22. Nb3 Bf5 23. f4 exf4 24. Nd4 Be4 25. Rf1 g5 26. Qh5+ Bg6 27. Qg4 Rhe8 28. Rfe1 Qa5 29. Qd7+ Kg8 30. Rxe8+ Rxe8 31. Kf1 Qxc5 32. Nf5 Qc4+ 33. Kg1 Bf7 34. Nh6+ Kg7 35. Qxf7+ Kxh6 36. Qxf6+ Kh5 37. Qf7+ Kh6 38. Qf6+ Kh5 39. Qf7+ Kg4 40. Qd7+ Kh5 41. Qxe8+ 1-0